[Event "Women's Speed Chess Q7"]
[Site "chess.com INT"]
[Date "2021.06.06"]
[Round "16"]
[White "Vine, Elzbieta"]
[Black "Zaichenko, Daria"]
[Result "0-1"]
[WhiteTitle "WFM"]
[BlackTitle "WFM"]
[WhiteElo "2138"]
[BlackElo "2104"]
[WhiteFideId "1119320"]
[BlackFideId "4197453"]
[EventDate "2021.06.06"]

1. e4 c5 2. Nc3 Nc6 3. f4 d6 4. Nf3 e6 5. Bc4 Be7 6. O-O Nf6 7. f5 exf5 8. d3
fxe4 9. dxe4 O-O 10. Ng5 h6 11. Nh3 Bxh3 12. gxh3 Ne5 13. Bd3 d5 14. exd5 c4 15.
Bf5 Bc5+ 16. Kh1 g6 17. Ne4 Nxe4 18. Bxe4 Qh4 19. Rf4 Qxh3 0-1

[Event "Women's Speed Chess Q7"]
[Site "chess.com INT"]
[Date "2021.06.06"]
[Round "16"]
[White "Eswaran, Ashritha"]
[Black "Chu, Ruotong"]
[Result "1-0"]
[WhiteTitle "WIM"]
[BlackTitle "WIM"]
[WhiteElo "2244"]
[BlackElo "2207"]
[WhiteFideId "2080788"]
[BlackFideId "8605653"]
[EventDate "2021.06.06"]

1. e4 c5 2. Nf3 e6 3. d4 cxd4 4. Nxd4 Nc6 5. Nc3 Qc7 6. Be3 a6 7. Qf3 Nf6 8. Qg3
Qxg3 9. hxg3 Bb4 10. Bd3 Ne5 11. Bd2 Nxd3+ 12. cxd3 d6 13. f4 Bd7 14. a3 Bc5 15.
Nde2 e5 16. f5 Ng4 17. Rh4 h5 18. Nd5 Bf2+ 19. Kf1 O-O-O 20. Rxg4 hxg4 21. Kxf2
Bc6 22. Nec3 Kb8 23. f6 gxf6 24. Nxf6 Rdf8 25. Rf1 b5 26. Ke2 Kb7 27. Nxg4 a5
28. Nf6 b4 29. axb4 axb4 30. Ncd5 Bxd5 31. Nxd5 Rhg8 32. Bxb4 Rxg3 33. Rf2 Rc8
34. Kd2 1-0

[Event "Women's Speed Chess Q7"]
[Site "chess.com INT"]
[Date "2021.06.06"]
[Round "16"]
[White "Kotepalli, Sai Nirupama"]
[Black "Papp, Petra"]
[Result "0-1"]
[WhiteTitle "WFM"]
[BlackTitle "WGM"]
[WhiteElo "1914"]
[BlackElo "2336"]
[WhiteFideId "5039444"]
[BlackFideId "739049"]
[EventDate "2021.06.06"]

1. e4 c6 2. d3 d5 3. Nd2 g6 4. Ngf3 Bg7 5. g3 e5 6. Bg2 Ne7 7. O-O O-O 8. Qe2
Re8 9. c3 a5 10. a4 Na6 11. Re1 Nc5 12. h3 Be6 13. Nh4 dxe4 14. dxe4 Nd3 15. Rd1
Nxc1 16. Raxc1 Qb6 17. Ndf3 Bh6 18. Ra1 Bb3 19. Rd7 Be6 20. Rdd1 Qc5 21. Ne1 Bb3
22. Rd7 Bc4 23. Qf3 b5 24. axb5 cxb5 25. Nd3 Bxd3 26. Qxd3 a4 27. Nf3 Bg7 0-1

[Event "Women's Speed Chess Q7"]
[Site "chess.com INT"]
[Date "2021.06.06"]
[Round "16"]
[White "Ziegenfuss, Antonia"]
[Black "Golubenko, Valentina"]
[Result "0-1"]
[WhiteTitle "WFM"]
[BlackTitle "WGM"]
[WhiteElo "2157"]
[BlackElo "2209"]
[WhiteFideId "12962554"]
[BlackFideId "4501993"]
[EventDate "2021.06.06"]

1. d4 Nf6 2. c4 g6 3. Nc3 Bg7 4. e4 c5 5. d5 d6 6. Nge2 O-O 7. Ng3 e6 8. Be2
exd5 9. cxd5 a6 10. a4 Nbd7 11. O-O Re8 12. f4 Qc7 13. Kh1 Rb8 14. e5 dxe5 15.
f5 e4 16. fxg6 hxg6 17. Bf4 Ne5 18. Ngxe4 Nxe4 19. Nxe4 Bf5 20. Ng5 Qd7 21. Rc1
Ng4 22. Bxg4 Bxg4 23. Qd2 Bf5 24. Rxc5 b5 25. Rc7 Qd8 26. Nxf7 Qf6 27. Be5 Rxe5
28. Nxe5 Qxe5 29. d6 Rd8 30. d7 Qxc7 31. Rxf5 gxf5 32. Qd5+ Kh8 0-1

[Event "Women's Speed Chess Q7"]
[Site "chess.com INT"]
[Date "2021.06.06"]
[Round "16"]
[White "Nguyen, Hong Anh"]
[Black "Bodnaruk, Anastasia"]
[Result "1-0"]
[WhiteTitle "WIM"]
[BlackTitle "IM"]
[WhiteElo "1993"]
[BlackElo "2446"]
[WhiteFideId "12406732"]
[BlackFideId "4181751"]
[EventDate "2021.06.06"]

1. d4 Nf6 2. c4 g6 3. Nf3 Bg7 4. g3 O-O 5. Bg2 d6 6. O-O Nc6 7. d5 Na5 8. Nfd2
c5 9. Nc3 a6 10. Qc2 Rb8 11. b3 b5 12. Bb2 Bf5 13. e4 Bd7 14. Nd1 e6 15. e5 dxe5
16. Bxe5 Rc8 17. Ne3 exd5 18. cxd5 Re8 19. Bb2 c4 20. bxc4 bxc4 21. Bc3 Bb5 22.
Rad1 Nb7 23. a4 Bd7 24. Qb2 Nd6 25. Qa3 Nf5 26. Nexc4 h5 27. Ba5 Qe7 28. Qxe7
Rxe7 29. Nb6 Rb8 30. Nxd7 Rxd7 31. Nc4 Nd6 32. Nxd6 Rxd6 33. Bc7 Rbd8 34. Bxd6
Rxd6 35. Rfe1 Nd7 36. Re8+ Kh7 37. Rc1 Bd4 38. Rc6 Bc5 39. Rxd6 Bxd6 40. Rd8 1-0

[Event "Women's Speed Chess Q7"]
[Site "chess.com INT"]
[Date "2021.06.06"]
[Round "16"]
[White "Arpita, Mukherjee"]
[Black "Kabanova, Ekaterina"]
[Result "0-1"]
[WhiteTitle "WIM"]
[BlackTitle "WFM"]
[WhiteElo "2206"]
[BlackElo "2138"]
[WhiteFideId "5056403"]
[BlackFideId "24112917"]
[EventDate "2021.06.06"]

1. e4 c5 2. Nf3 e6 3. d4 cxd4 4. Nxd4 a6 5. Bd3 Qc7 6. c4 b6 7. O-O Bb7 8. Qe2
d6 9. Nc3 Be7 10. Be3 Nd7 11. f4 Ngf6 12. Rac1 Rc8 13. Rfd1 O-O 14. h3 Rfe8 15.
b4 Qb8 16. Qf2 Qa8 17. Nb3 Nxe4 18. Nxe4 Bxe4 19. Bxe4 Qxe4 20. Bd4 a5 21. bxa5
bxa5 22. Nxa5 Ra8 23. Nb3 Nc5 24. Nxc5 dxc5 25. Be5 f6 26. Bd6 Bxd6 27. Rxd6
Red8 28. Rcd1 Rxd6 29. Rxd6 Rb8 30. Qxc5 Rb1+ 31. Kh2 Qxf4+ 32. g3 Rb2+ 33. Kh1
Qf1+ 34. Qg1 Qf3+ 35. Qg2 Qxg2# 0-1

[Event "Women's Speed Chess Q7"]
[Site "chess.com INT"]
[Date "2021.06.06"]
[Round "16"]
[White "Morris-Suzuki, Sophie"]
[Black "Gunina, Valentina"]
[Result "0-1"]
[WhiteTitle "WFM"]
[BlackTitle "GM"]
[WhiteElo "2043"]
[BlackElo "2436"]
[WhiteFideId "30922615"]
[BlackFideId "4167570"]
[EventDate "2021.06.06"]

1. e4 c6 2. Nc3 d5 3. Nf3 dxe4 4. Nxe4 Nf6 5. Qe2 Nxe4 6. Qxe4 Nd7 7. Bc4 Nf6 8.
Ne5 e6 9. Qe2 Qc7 10. O-O Bd6 11. d4 O-O 12. Bg5 Nd5 13. Bd2 f6 14. Nf3 Bd7 15.
Bd3 Rae8 16. Qe4 f5 17. Qh4 h6 18. Qh5 Nf6 19. Qg6 Re7 20. Bc4 b5 21. Bb3 Ng4
22. Qh5 Be8 23. Qh4 g5 24. Nxg5 hxg5 25. Bxg5 Rh7 26. Bxe6+ Bf7 27. Bh6 Bxe6 28.
Qg5+ Kh8 29. h3 Rxh6 30. Rae1 Rg8 31. Qd2 Bd5 32. f3 Bh2+ 33. Kh1 Bf4 34. Qe2
Ne3 35. Rg1 Qh7 36. Rgf1 Rxh3+ 37. gxh3 Qxh3+ 38. Qh2 Qxh2# 0-1

[Event "Women's Speed Chess Q7"]
[Site "chess.com INT"]
[Date "2021.06.06"]
[Round "16"]
[White "Zawadzka, Jolanta"]
[Black "Nandhidhaa, P V"]
[Result "1-0"]
[WhiteTitle "WGM"]
[BlackTitle "WGM"]
[WhiteElo "2403"]
[BlackElo "2365"]
[WhiteFideId "1122320"]
[BlackFideId "5050847"]
[EventDate "2021.06.06"]

1. e4 c5 2. Nc3 e6 3. Nf3 Nc6 4. d4 cxd4 5. Nxd4 Qc7 6. Be3 a6 7. Qd2 Nf6 8. f3
Be7 9. O-O-O O-O 10. Kb1 b5 11. Nxc6 dxc6 12. g4 Rd8 13. Bd3 c5 14. g5 Nd7 15.
Qg2 c4 16. Be2 b4 17. Na4 Bb7 18. h4 Bc6 19. Rxd7 Rxd7 20. Nb6 Rad8 21. Nxd7
Rxd7 22. h5 b3 23. Bxc4 Bxe4 24. Bxb3 Bf5 25. g6 hxg6 26. hxg6 fxg6 27. a3 Bf6
28. Ka2 Bxb2 29. Kxb2 Qe5+ 30. Ka2 Qxe3 31. Qh2 Rd2 32. Qb8+ Kf7 33. Rh8 Kf6 34.
Rf8+ Kg5 35. Qg3+ 1-0

[Event "Women's Speed Chess Q7"]
[Site "chess.com INT"]
[Date "2021.06.06"]
[Round "16"]
[White "Cori T., Deysi"]
[Black "Bommini, Mounika Akshaya"]
[Result "1-0"]
[WhiteTitle "WGM"]
[BlackTitle "WFM"]
[WhiteElo "2388"]
[BlackElo "2029"]
[WhiteFideId "3801934"]
[BlackFideId "25019872"]
[EventDate "2021.06.06"]

1. Nf3 d5 2. d4 Nf6 3. c4 c6 4. Nc3 dxc4 5. e3 Bf5 6. Bxc4 e6 7. O-O Bd6 8. Qe2
Bg4 9. h3 Bh5 10. e4 Bc7 11. Rd1 Nbd7 12. Bg5 h6 13. Bh4 Qc8 14. Rac1 O-O 15. e5
Nd5 16. Bxd5 exd5 17. g4 Bg6 18. Bg3 Re8 19. Nh4 Nf8 20. f4 f6 21. Nxg6 Nxg6 22.
Nxd5 cxd5 23. Qc2 Bxe5 24. Qxg6 Bxd4+ 25. Kh1 Bc5 26. b4 Re3 27. Bf2 Rxh3+ 28.
Kg2 Ra3 29. Rxc5 Qd7 30. Rdxd5 Qa4 31. Rc7 1-0

[Event "Women's Speed Chess Q7"]
[Site "chess.com INT"]
[Date "2021.06.06"]
[Round "16"]
[White "Zhou, Qiyu"]
[Black "Pandey, Srishti"]
[Result "1-0"]
[WhiteTitle "FM"]
[BlackTitle "WFM"]
[WhiteElo "2229"]
[BlackElo "2026"]
[WhiteFideId "505161"]
[BlackFideId "35093290"]
[EventDate "2021.06.06"]

1. e4 e6 2. d4 d5 3. Nc3 Bb4 4. e5 c5 5. a3 Bxc3+ 6. bxc3 Ne7 7. h4 Qc7 8. Bd2
Bd7 9. h5 h6 10. Rh4 Ba4 11. Rc1 b6 12. Rf4 Nd7 13. Qf3 f6 14. Qg4 fxe5 15. Qxg7
exf4 16. Qxh8+ Nf8 17. Qxh6 cxd4 18. cxd4 e5 19. Nf3 exd4 20. Bxf4 Qc3+ 21. Bd2
Qxa3 22. Nxd4 O-O-O 23. Ba6+ Kb8 24. Qf4+ Qd6 25. Qxd6+ Rxd6 26. Bf4 Kc7 27.
Bxd6+ Kxd6 28. Bb5 Bxb5 29. Nxb5+ Kc5 30. Na3 Nh7 31. c3 Kd6 32. f3 Nf6 33. g4
Ke5 34. Kf2 Kf4 35. Re1 Neg8 36. Nb5 a6 37. Nc7 a5 38. Ne6# 1-0

[Event "Women's Speed Chess Q7"]
[Site "chess.com INT"]
[Date "2021.06.06"]
[Round "16"]
[White "Ortez, Andrea"]
[Black "Von Herman, Brigitte"]
[Result "0-1"]
[WhiteTitle "WIM"]
[BlackTitle "WFM"]
[WhiteElo "1969"]
[BlackElo "1991"]
[WhiteFideId "6702392"]
[BlackFideId "4628730"]
[EventDate "2021.06.06"]

1. e4 e5 2. Nf3 Nc6 3. Bb5 a6 4. Ba4 Nf6 5. Qe2 b5 6. Bb3 Be7 7. c3 d6 8. O-O
O-O 9. Rd1 h6 10. d3 Bg4 11. Nbd2 Na5 12. Bc2 c5 13. h3 Bh5 14. Nf1 Nc6 15. Ng3
Bg6 16. Nh4 Bh7 17. Nhf5 Re8 18. Qf3 Bf8 19. a4 b4 20. Bb3 Ra7 21. Bc4 Na5 22.
cxb4 Nxc4 23. dxc4 cxb4 24. b3 a5 25. Be3 Rd7 26. Rd2 Re6 27. Rad1 Qc7 28. Ne2
Qb7 29. Neg3 Bxf5 30. exf5 Re8 31. Qxb7 Rxb7 0-1

[Event "Women's Speed Chess Q7"]
[Site "chess.com INT"]
[Date "2021.06.06"]
[Round "16"]
[White "Pourkashiyan, Atousa"]
[Black "Mendoza, Shania Mae"]
[Result "1-0"]
[WhiteTitle "WGM"]
[BlackTitle "WFM"]
[WhiteElo "2322"]
[BlackElo "2158"]
[WhiteFideId "12502014"]
[BlackFideId "5211158"]
[EventDate "2021.06.06"]

1. e4 e5 2. Nf3 Nc6 3. Bb5 Nf6 4. d3 a6 5. Ba4 b5 6. Bb3 Be7 7. O-O O-O 8. Re1
Bb7 9. Nc3 d6 10. a4 Nb8 11. axb5 axb5 12. Rxa8 Bxa8 13. Nxb5 Nbd7 14. Nc3 Nc5
15. Bc4 c6 16. Be3 d5 17. Bxc5 Bxc5 18. Bb3 Bd6 19. Qe2 d4 20. Nb1 h6 21. Nbd2
Bc7 22. Nc4 Qe7 23. Ra1 Bd6 24. Nh4 g6 25. Nxg6 fxg6 26. Nxd6+ Kg7 27. Nc4 Rf7
28. g3 Nh5 29. Rxa8 Qg5 30. Ra1 Nf4 31. Qf1 Qg4 32. f3 Nh3+ 33. Kg2 Qh5 34. Nxe5
Rf6 35. Ng4 Rf8 36. Bc4 Ng5 37. h4 Nxf3 38. Ra7+ Kh8 39. Rf7 Rxf7 40. Bxf7 Qxg4
41. Qxf3 Qd7 42. Qf6+ Kh7 43. Qxg6+ Kh8 44. Qg8# 1-0

[Event "Women's Speed Chess Q7"]
[Site "chess.com INT"]
[Date "2021.06.06"]
[Round "16"]
[White "Balabayeva, Xeniya"]
[Black "Batsiashvili, Nino"]
[Result "0-1"]
[WhiteTitle "WFM"]
[BlackTitle "GM"]
[WhiteElo "2116"]
[BlackElo "2491"]
[WhiteFideId "13719688"]
[BlackFideId "13602993"]
[EventDate "2021.06.06"]

1. e4 c6 2. d4 g6 3. Nd2 Bg7 4. Ngf3 d5 5. c3 Bg4 6. e5 h5 7. Be2 Nh6 8. h3 Bxf3
9. Nxf3 Nf5 10. Bf4 h4 11. Qd2 e6 12. Bd3 Bf8 13. O-O-O Be7 14. g3 hxg3 15. fxg3
c5 16. h4 cxd4 17. cxd4 Nc6 18. Bxf5 gxf5 19. Kb1 Qb6 20. h5 O-O-O 21. h6 Rh7
22. Bg5 Kb8 23. Bxe7 Nxe7 24. Ng5 Rdh8 25. Nxh7 Rxh7 26. Rc1 a6 27. Rc5 Nc6 28.
Rhc1 Ka7 29. Qg5 Qc7 30. Rh1 Qc8 31. Qf6 Qg8 32. Rc3 Nxd4 33. Rc7 Nb5 34. Rc2
Nd4 0-1

[Event "Women's Speed Chess Q7"]
[Site "chess.com INT"]
[Date "2021.06.06"]
[Round "16"]
[White "Hng, Mei-En Emmanuelle"]
[Black "Selkirk, Rebecca"]
[Result "1-0"]
[WhiteTitle "WFM"]
[BlackTitle "WCM"]
[WhiteElo "2013"]
[BlackElo "1799"]
[WhiteFideId "5804566"]
[BlackFideId "14306514"]
[EventDate "2021.06.06"]

1. e4 c6 2. d4 d5 3. e5 c5 4. dxc5 Nc6 5. Nf3 e6 6. Be3 Nge7 7. Bb5 Bd7 8. O-O
Nxe5 9. Bxd7+ Nxd7 10. b4 Nc6 11. Nc3 Be7 12. Rb1 O-O 13. b5 Nd4 14. Bxd4 Bf6
15. c6 bxc6 16. bxc6 Nb6 17. Bxf6 Qxf6 18. Qd4 Qe7 19. Qb4 Qc7 20. Nd4 e5 21.
Ncb5 Qc8 22. Nd6 Qc7 23. N4f5 g6 24. Qg4 Kh8 25. Nb5 Qxc6 26. Nh6 f5 27. Qg5
Qxc2 28. Qe7 Rae8 29. Qxa7 Nc4 30. Nf7+ Kg8 31. Ng5 1-0

[Event "Women's Speed Chess Q7"]
[Site "chess.com INT"]
[Date "2021.06.06"]
[Round "16"]
[White "Pham, Le Thao Nguyen"]
[Black "Gaponenko, Inna"]
[Result "1-0"]
[WhiteTitle "IM"]
[BlackTitle "IM"]
[WhiteElo "2369"]
[BlackElo "2357"]
[WhiteFideId "12401226"]
[BlackFideId "14101181"]
[EventDate "2021.06.06"]

1. d4 g6 2. Nf3 Bg7 3. Bf4 d6 4. e3 Nd7 5. h3 e5 6. Bh2 Ne7 7. c4 O-O 8. Nc3 Nf5
9. Be2 Re8 10. dxe5 dxe5 11. O-O b6 12. Qc2 Bb7 13. Rfd1 Qe7 14. Nd5 Bxd5 15.
Rxd5 e4 16. Ne1 Nc5 17. Rad1 Rad8 18. b4 Nb7 19. a3 c6 20. Rxd8 Rxd8 21. Rxd8+
Nxd8 22. Qd2 Nb7 23. Nc2 Nbd6 24. g4 Be5 25. gxf5 Bxh2+ 26. Kxh2 Nxf5 27. Bg4
Qe5+ 28. Kg1 Nd6 29. Qd4 Qxd4 30. Nxd4 Nxc4 31. Nxc6 Nxa3 32. Nxa7 Nc2 33. Nc6
Kf8 34. Bd1 Na3 35. Be2 Ke8 36. Kf1 Kd7 37. Ne5+ Ke6 38. Nc4 Nc2 39. b5 1-0

[Event "Women's Speed Chess Q7"]
[Site "chess.com INT"]
[Date "2021.06.06"]
[Round "16"]
[White "Antolak, Julia"]
[Black "Frayna, Janelle Mae"]
[Result "1-0"]
[WhiteTitle "WIM"]
[BlackTitle "WGM"]
[WhiteElo "2309"]
[BlackElo "2179"]
[WhiteFideId "1159569"]
[BlackFideId "5212499"]
[EventDate "2021.06.06"]

1. e4 Nf6 2. e5 Nd5 3. d4 d6 4. Bc4 Nb6 5. Bb3 d5 6. h3 Bf5 7. f4 e6 8. Nf3 c5
9. c3 Nc6 10. O-O Be7 11. Be3 cxd4 12. Nxd4 Nxd4 13. Bxd4 O-O 14. Nd2 Rc8 15.
Qf3 Bc5 16. g4 Bxd4+ 17. cxd4 Bc2 18. Rac1 Bxb3 19. Nxb3 Nc4 20. Rf2 a5 21. f5
a4 22. Nc5 b6 23. Nd3 Qg5 24. Rd1 exf5 25. Qxf5 Qxf5 26. gxf5 g6 27. Kh2 Ne3 28.
Rdd2 Nxf5 29. Nb4 Rc4 30. Nxd5 Rxd4 31. Rxd4 Nxd4 32. Nxb6 Rb8 33. Nxa4 Ra8 34.
Nc3 Nc6 35. Re2 Re8 36. a4 Rxe5 37. Rxe5 Nxe5 38. a5 Kf8 39. a6 Nc6 40. b4 Ke7
41. b5 Na7 42. b6 Nc6 43. a7 1-0

[Event "Women's Speed Chess Q7"]
[Site "chess.com INT"]
[Date "2021.06.06"]
[Round "16"]
[White "Nikolova, Adriana"]
[Black "Gevorgyan, Maria"]
[Result "0-1"]
[WhiteTitle "WGM"]
[BlackTitle "WGM"]
[WhiteElo "2243"]
[BlackElo "2219"]
[WhiteFideId "2908689"]
[BlackFideId "13300270"]
[EventDate "2021.06.06"]

1. e4 c5 2. Nf3 Nc6 3. d4 cxd4 4. Nxd4 g6 5. Nc3 Bg7 6. Be3 Nf6 7. Bc4 O-O 8.
Bb3 Re8 9. f3 e6 10. Nxc6 bxc6 11. e5 Nd5 12. Nxd5 exd5 13. f4 d6 14. O-O dxe5
15. fxe5 Bxe5 16. Qf3 Be6 17. Rad1 Bxb2 18. c4 Qe7 19. Qf2 Bg7 20. Bc5 Qg5 21.
cxd5 cxd5 22. Be3 Qe7 23. Bc5 Qc7 24. Bxd5 Bxd5 25. Rxd5 Rad8 26. Rfd1 Rxd5 27.
Rxd5 Qa5 28. g3 Qb5 29. Rd1 h6 30. Rf1 Qd7 31. Be3 Re7 32. Bf4 Kh7 33. h4 Bd4
34. Kg2 Bxf2 35. Rxf2 Qd5+ 36. Kg1 Re1+ 37. Rf1 Rxf1+ 38. Kxf1 Qxa2 39. h5 Qb1+
40. Kf2 a5 41. hxg6+ Kxg6 42. g4 a4 43. Kf3 a3 44. Be3 0-1

[Event "Women's Speed Chess Q7"]
[Site "chess.com INT"]
[Date "2021.06.06"]
[Round "16"]
[White "Fominykh, Maria"]
[Black "Kanyamarala, Trisha"]
[Result "1-0"]
[WhiteTitle "WGM"]
[BlackTitle "WIM"]
[WhiteElo "2206"]
[BlackElo "2180"]
[WhiteFideId "4142411"]
[BlackFideId "45004722"]
[EventDate "2021.06.06"]

1. d4 Nf6 2. c4 e6 3. g3 d5 4. Nf3 dxc4 5. Qa4+ Nc6 6. Qxc4 a6 7. Bg2 Bd7 8. O-O
Bd6 9. a3 Na5 10. Qc2 O-O 11. b4 Nc6 12. e4 e5 13. Bb2 exd4 14. Nxd4 Nxd4 15.
Bxd4 Re8 16. Nc3 Be5 17. Bxe5 Rxe5 18. Rad1 Qc8 19. f4 Re8 20. e5 Ng4 21. Qd2
Bc6 22. Bxc6 bxc6 23. Ne4 Qb7 24. Nc5 Qb6 25. Kg2 h6 26. h3 Rad8 27. Qxd8 Rxd8
28. Rxd8+ Kh7 29. hxg4 Qb5 30. Rf2 a5 31. Rd4 axb4 32. axb4 Qb6 33. Rfd2 Qb5 34.
f5 Qb6 35. e6 fxe6 36. fxe6 Qb8 37. e7 Qe8 38. Re2 Kg6 39. Rd8 Qf7 40. e8=Q 1-0

[Event "Women's Speed Chess Q7"]
[Site "chess.com INT"]
[Date "2021.06.06"]
[Round "16"]
[White "Padmini, Rout"]
[Black "Buksa, Nataliya"]
[Result "0-1"]
[WhiteTitle "IM"]
[BlackTitle "IM"]
[WhiteElo "2370"]
[BlackElo "2413"]
[WhiteFideId "5029295"]
[BlackFideId "14123622"]
[EventDate "2021.06.06"]

1. e4 c5 2. Nf3 Nc6 3. d4 cxd4 4. Nxd4 Nf6 5. Nc3 e5 6. Ndb5 d6 7. Bg5 a6 8. Na3
b5 9. Nd5 Be7 10. Bxf6 Bxf6 11. c4 b4 12. Nc2 Bg5 13. Be2 O-O 14. O-O a5 15. b3
Be6 16. Qd3 Nb8 17. a3 bxa3 18. Rxa3 Na6 19. Rfa1 Nc5 20. Qf3 Bd2 21. b4 axb4
22. Rxa8 Qxa8 23. Rxa8 Rxa8 24. h4 b3 25. Bd3 b2 26. Ncb4 Nxd3 27. Qxd3 Ra1+ 28.
Kh2 b1=Q 29. Qxd2 Qxe4 30. Kg3 h6 31. Qd3 Bxd5 32. Qxd5 Ra3+ 33. f3 Qf4+ 34. Kh3
Qf5+ 35. Kg3 Qg6+ 36. Kh2 Re3 37. Nc6 Kh7 38. Ne7 Qf6 39. Nc8 Qxh4+ 40. Kg1 Re1# 0-1

[Event "Women's Speed Chess Q7"]
[Site "chess.com INT"]
[Date "2021.06.06"]
[Round "16"]
[White "Vo, Thi Kim Phung"]
[Black "Potapova, Margarita"]
[Result "1-0"]
[WhiteTitle "WGM"]
[BlackTitle "WIM"]
[WhiteElo "2335"]
[BlackElo "2260"]
[WhiteFideId "12401838"]
[BlackFideId "14126869"]
[EventDate "2021.06.06"]

1. d4 Nf6 2. c4 e6 3. Nc3 Bb4 4. Qc2 O-O 5. Nf3 d5 6. cxd5 exd5 7. Bg5 h6 8. Bh4
c5 9. dxc5 Nbd7 10. e3 Nxc5 11. a3 Bxc3+ 12. bxc3 Nce4 13. Bd3 Bf5 14. Nd4 Bg6
15. f3 Nc5 16. Bxg6 fxg6 17. Qxg6 Qe7 18. Bf2 Nfd7 19. O-O Ne5 20. Qg3 Nc4 21.
Rfe1 Nd3 22. Re2 Nxf2 23. Qxf2 Rac8 24. e4 dxe4 25. Rxe4 Qf6 26. Rae1 a6 27. a4
Qg5 28. Ne6 Qg6 29. Nxf8 Rxf8 30. Rxc4 Qd3 31. Rce4 Qxc3 32. Re8 Rxe8 33. Rxe8+
Kh7 34. Re4 Qc1+ 35. Qe1 Qc5+ 36. Qe3 Qc7 37. h3 Qd6 38. Re7 Qd1+ 39. Kh2 Qd6+
40. Qe5 Qb6 41. Qe4+ Kg8 42. Rxb7 Qd6+ 43. f4 h5 44. Qe5 Qd3 45. Qxg7# 1-0

[Event "Women's Speed Chess Q7"]
[Site "chess.com INT"]
[Date "2021.06.06"]
[Round "16"]
[White "Komiagina, Maria"]
[Black "Grigoryan, Meri"]
[Result "0-1"]
[WhiteTitle "WIM"]
[BlackTitle "WFM"]
[WhiteElo "2241"]
[BlackElo "2044"]
[WhiteFideId "4153987"]
[BlackFideId "13300571"]
[EventDate "2021.06.06"]

1. d4 d5 2. Bf4 Nf6 3. e3 e6 4. Nf3 Bd6 5. Nbd2 O-O 6. Bd3 c5 7. c3 Nc6 8. dxc5
Bxc5 9. O-O Re8 10. Bg5 h6 11. Bh4 Be7 12. Qe2 b6 13. e4 dxe4 14. Nxe4 Bb7 15.
Rad1 Nxe4 16. Bxe7 Nxc3 17. bxc3 Qxe7 18. Qe4 f5 19. Qa4 Qf6 20. Rfe1 Rac8 21.
Bb5 Kh8 22. Nd4 Ne5 23. Bxe8 Rxc3 24. Qb4 Qg5 25. f3 Nxf3+ 26. Nxf3 Bxf3 27. Qb2
Bxd1 28. Rxd1 Rc8 29. Bb5 Qe3+ 30. Kh1 e5 31. Bf1 e4 32. Qd2 Qc5 33. h3 Qe5 34.
Qe3 f4 35. Qb3 e3 36. Be2 Qe4 37. Bf3 Qe5 38. Re1 Re8 39. Qf7 Kh7 40. Re2 Kh8
41. Bh5 Qa1+ 42. Kh2 Rc8 0-1

[Event "Women's Speed Chess Q7"]
[Site "chess.com INT"]
[Date "2021.06.06"]
[Round "16"]
[White "Eswaran, Aksithi"]
[Black "Priyanka, K"]
[Result "1-0"]
[WhiteTitle "WCM"]
[BlackTitle "WIM"]
[WhiteElo "1745"]
[BlackElo "2218"]
[WhiteFideId "2083485"]
[BlackFideId "5082986"]
[EventDate "2021.06.06"]

1. e4 c5 2. Nf3 d6 3. d4 cxd4 4. Nxd4 Nf6 5. Nc3 a6 6. f3 e5 7. Nb3 Be7 8. Be3
O-O 9. Qd2 Be6 10. Be2 Nbd7 11. O-O b5 12. a3 Nb6 13. Rfd1 Nc4 14. Bxc4 bxc4 15.
Nc1 Rb8 16. Rb1 Nd7 17. N1e2 f5 18. exf5 Rxf5 19. Ng3 Rf8 20. Nd5 Bxd5 21. Qxd5+
Kh8 22. Qxc4 Rc8 23. Qd3 Nf6 24. Bg5 Qb6+ 25. Kh1 Qc6 26. Bxf6 Rxf6 27. Ne4 Rff8
28. c3 Rfd8 29. Qd5 Qxd5 30. Rxd5 Kg8 31. Rbd1 Rc6 32. c4 Rxc4 33. Nxd6 Bxd6 34.
b3 Rc6 35. h4 Kf7 36. g4 Ke6 37. b4 Rf8 38. Kg2 Be7 39. R5d2 Rc3 40. Rf1 Rxa3
41. h5 Bxb4 42. Re2 Bd6 43. Rfe1 Raxf3 44. h6 R3f4 45. hxg7 Rg8 46. Kh3 1-0

[Event "Women's Speed Chess Q7"]
[Site "chess.com INT"]
[Date "2021.06.06"]
[Round "16"]
[White "Mohota, Nisha"]
[Black "Zaksaite, Salomeja"]
[Result "0-1"]
[WhiteTitle "IM"]
[BlackTitle "WIM"]
[WhiteElo "2195"]
[BlackElo "2202"]
[WhiteFideId "5004330"]
[BlackFideId "12801496"]
[EventDate "2021.06.06"]

1. b3 e5 2. Bb2 Nc6 3. c4 f5 4. e3 Nf6 5. Nc3 Bc5 6. g3 a6 7. Bg2 d6 8. Nge2 Ba7
9. d4 e4 10. O-O O-O 11. Nf4 Qe8 12. Ncd5 Bb8 13. Rc1 g5 14. Nxf6+ Rxf6 15. Nd5
Rh6 16. b4 Be6 17. a3 Bxd5 18. cxd5 Ne7 19. f4 gxf4 20. Rxf4 Nxd5 21. Rxf5 c6
22. Qe2 Qe6 23. Rcf1 Bc7 24. Qg4+ Rg6 25. Qh3 Nxe3 26. Rf7 Rh6 27. Qxe6 Rxe6 28.
Rxc7 Nxf1 29. Bxf1 e3 30. Bc4 d5 31. Be2 Rf8 32. Rxb7 Rf2 33. Bd3 Rxb2 34. Rb8+
Kg7 35. Rb7+ Kf6 36. Rxh7 e2 37. Bxe2 Rexe2 38. Rh6+ Kg5 39. Rh8 Re1# 0-1

[Event "Women's Speed Chess Q7"]
[Site "chess.com INT"]
[Date "2021.06.06"]
[Round "16"]
[White "Tania, Sachdev"]
[Black "Tokhirjonova, Gulrukhbegim"]
[Result "1-0"]
[WhiteTitle "IM"]
[BlackTitle "WGM"]
[WhiteElo "2392"]
[BlackElo "2344"]
[WhiteFideId "5007844"]
[BlackFideId "14203626"]
[EventDate "2021.06.06"]

1. d4 e6 2. c4 b6 3. Nf3 Bb7 4. Nc3 Nf6 5. Bg5 Be7 6. e3 O-O 7. Bd3 d6 8. O-O
Nbd7 9. Qc2 h6 10. Bh4 Nh5 11. Bxe7 Qxe7 12. e4 e5 13. Nd5 Bxd5 14. cxd5 Nf4 15.
Rfe1 a5 16. Bf1 Rfc8 17. g3 Ng6 18. Bh3 exd4 19. Nxd4 Nge5 20. f4 Ng6 21. Qc6
Nc5 22. Bxc8 Rxc8 23. e5 dxe5 24. Nf5 Qd8 25. fxe5 Qg5 26. Nh4 Nxh4 27. Rf1 Ng6
28. e6 fxe6 29. dxe6 Qe3+ 30. Kh1 Qxe6 31. Qf3 Rf8 32. Qh5 Qc6+ 33. Kg1 Rxf1+
34. Rxf1 Ne7 35. Qf7+ Kh7 36. Qxe7 Qe4 37. Qxe4+ Nxe4 38. Re1 Nd6 39. Re7 c5 40.
Rd7 Nc4 41. b3 Ne3 42. Kf2 Nc2 43. Rb7 Nb4 44. a3 Nd3+ 45. Ke3 Nc1 46. Rxb6 Na2
47. Kd2 a4 48. bxa4 c4 49. a5 c3+ 50. Kc2 1-0